000 00575nam a2200181Ia 4500
008 090630s9999 xx 000 0 und d
082 _b18801
100 _aवर्तक उषा.
245 _aतीन शूर शिपाई.
_cवर्तक उषा.
260 _bशकुन - पुणे.
300 _a16
600 _aवर्तक उषा.
630 _aतीन शूर शिपाई.
655 _aबालवाङमय.
700 _aवर्तक उषा.
730 _aतीन शूर शिपाई.
942 _cBOOK
999 _c270657
_d270657